000 00541nam a2200157 i 4500
001 31920
003 ES-MaACL
007 t|
008 030130s1939 sp ||||1| spa d
100 1 _aBeebe, William.
_927014
245 1 0 _aA media milla de profundidad /
_cpor William Beebe ; publicado bajo los auspicios de la Sociedad Zoológica de Nueva York.
260 _aMadrid :
_bEspasa-Calpe,
_c1939.
300 _a282 p., 50 lám. :
_bil. ;
_c24 cm.
710 2 _aSociedad Zoológica de Nueva York.
_96813
852 _aES-MaACL
_jB-2268
_bR.27033
999 _c31920
_d31920